[Event "Chigorin Memorial 2018"]
[Site "St. Petersburg"]
[Date "2018.10.27"]
[Round "1.135"]
[White "Mashkov, Viacheslav"]
[Black "Kochukova, Anna"]
[Result "0-1"]
[WhiteElo "1281"]
[BlackElo "2121"]
[PlyCount "84"]
[EventDate "2018.10.27"]
[EventType "swiss"]
[EventCountry "RUS"]
[WhiteTeam "Russland"]
[BlackTeam "Russland"]
[WhiteTeamCountry "RUS"]
[BlackTeamCountry "RUS"]

1. e4 c5 2. Nc3 Nc6 3. f4 g6 4. Nf3 Bg7 5. g3 d6 6. d3 e6 7. Be3 Qb6 8. Rb1 Nge7 9. Bg2 O-O 10. O-O a6 11. Ne2 Qa5 12. d4 cxd4 13. Nfxd4 Rd8 14. b4 Qxa2 15. b5 Nxd4 16. Bxd4 Qc4 17. Bxg7 Kxg7 18. Qd4+ Qxd4+ 19. Nxd4 d5 20. e5 Bd7 21. bxa6 bxa6 22. g4 Nc6 23. Nxc6 Bxc6 24. f5 Bb5 25. Rf2 Rac8 26. Bf1 Bxf1 27. Rbxf1 Rd7 28. fxg6 hxg6 29. Kg2 Rc4 30. Kf3 Rdc7 31. Rc1 Rc3+ 32. Ke2 Rxc2+ 33. Rxc2 Rxc2+ 34. Ke3 d4+ 35. Kf3 Rxf2+ 36. Kxf2 a5 37. Ke2 a4 38. Kd3 a3 39. Kc2 d3+ 40. Kb3 d2 41. Kc2 a2 42. Kxd2 a1=Q 0-1

[Event "Chigorin Memorial 2018"]
[Site "St. Petersburg"]
[Date "2018.10.27"]
[Round "1.137"]
[White "Bajaramov, Elvin"]
[Black "Zhuravlev, Stepan"]
[Result "0-1"]
[WhiteElo "1950"]
[BlackElo "2114"]
[PlyCount "78"]
[EventDate "2018.10.27"]
[EventType "swiss"]
[EventCountry "RUS"]
[WhiteTeam "Russland"]
[BlackTeam "Russland"]
[WhiteTeamCountry "RUS"]
[BlackTeamCountry "RUS"]

1. e4 e5 2. Nf3 Nc6 3. Bc4 Nf6 4. d4 exd4 5. O-O Nxe4 6. Re1 d5 7. Bb5 Bb4 8. Bd2 Be7 9. Nxd4 Bd7 10. Bxc6 bxc6 11. f3 Nxd2 12. Nxd2 O-O 13. c4 c5 14. N4b3 c6 15. Rc1 d4 16. Ne4 Qb6 17. Nc3 Be6 18. Na4 Qb4 19. Na1 Bg5 20. a3 Qa5 21. Rb1 Be3+ 22. Kh1 Bxc4 23. Qc2 Qb5 24. Nc3 Qa6 25. Rbd1 d3 26. Qb1 Bd4 27. Ne4 Rab8 28. Rd2 Rfd8 29. b3 Qxa3 30. Ra2 Qb4 31. Ra4 Qxa4 32. bxa4 Rxb1 33. Rxb1 Be6 34. Nb3 Bxb3 35. Rxb3 c4 36. Rb1 c3 37. Rf1 f5 38. Ng3 g6 39. h4 c2 0-1

[Event "Chigorin Memorial 2018"]
[Site "St. Petersburg"]
[Date "2018.10.27"]
[Round "1.141"]
[White "Gareyev, Timur"]
[Black "Kruglikov, Alexander"]
[Result "1-0"]
[WhiteElo "2584"]
[BlackElo "2003"]
[Annotator "TA"]
[PlyCount "49"]
[EventDate "2018.10.27"]
[EventType "swiss"]
[EventCountry "RUS"]
[WhiteTeam "Vereinigte Staaten"]
[BlackTeam "Russland"]
[WhiteTeamCountry "USA"]
[BlackTeamCountry "RUS"]

1. d4 Nf6 2. c4 e6 3. Nf3 d5 4. Nc3 Be7 5. e3 O-O 6. Qc2 c5 7. dxc5 Bxc5 8. a3 dxc4 9. Bxc4 Nc6 10. O-O a6 11. Rd1 Qc7 12. Bd3 Ne5 13. Nxe5 Qxe5 14. b4 Ba7 15. Bb2 Qh5 16. Ne4 Nd5 17. Ng3 Qh6 18. Be4 Bd7 19. Bxd5 exd5 20. Rxd5 Be6 21. Nf5 Bxf5 22. Qxf5 Rac8 23. Rad1 Bb8 24. g3 Qg6 25. Qxc8 1-0

[Event "Chigorin Memorial 2018"]
[Site "St. Petersburg"]
[Date "2018.10.27"]
[Round "1.142"]
[White "Yun, Vyacheslav"]
[Black "Lobanov, Sergei"]
[Result "0-1"]
[WhiteElo "1931"]
[BlackElo "2539"]
[Annotator "TA"]
[PlyCount "86"]
[EventDate "2018.10.27"]
[EventType "swiss"]
[EventCountry "RUS"]
[WhiteTeam "Russland"]
[BlackTeam "Russland"]
[WhiteTeamCountry "RUS"]
[BlackTeamCountry "RUS"]

1. e4 c5 2. Nf3 Nc6 3. Bb5 g6 4. Bxc6 dxc6 5. h3 Bg7 6. d3 Nh6 7. Nc3 f6 8. Be3 b6 9. O-O e5 10. Qd2 Nf7 11. a3 f5 12. exf5 gxf5 13. Bg5 Qd6 14. Rae1 O-O 15. Nh2 Ba6 16. g4 Nxg5 17. Qxg5 Qg6 18. Qxg6 hxg6 19. Re3 e4 20. gxf5 gxf5 21. Rfe1 exd3 22. cxd3 Rad8 23. Nf3 Rxd3 24. Rxd3 Bxd3 25. Re7 a5 26. h4 c4 27. Ng5 Rc8 28. Rb7 b5 29. Ne6 Bf6 30. h5 Re8 31. Nf4 Re7 32. Rb8+ Kg7 33. Ng6 Re1+ 34. Kg2 Be5 35. Rd8 Bxc3 36. bxc3 b4 37. axb4 axb4 38. Rd7+ Kh6 39. cxb4 Be4+ 40. f3 c3 41. Rd6 c2 42. Nf4+ Kg5 43. Nh3+ Kh4 0-1

[Event "Chigorin Memorial 2018"]
[Site "St. Petersburg"]
[Date "2018.10.27"]
[Round "1.143"]
[White "Palchun, Grigory"]
[Black "Yakovlev, Yuri S."]
[Result "1-0"]
[WhiteElo "2394"]
[BlackElo "1838"]
[PlyCount "81"]
[EventDate "2018.10.27"]
[EventType "swiss"]
[EventCountry "RUS"]
[WhiteTeam "Russland"]
[BlackTeam "Russland"]
[WhiteTeamCountry "RUS"]
[BlackTeamCountry "RUS"]

1. d4 Nf6 2. Bf4 e6 3. e3 c5 4. Nd2 d5 5. c3 Nc6 6. Bd3 Bd6 7. Bxd6 Qxd6 8. f4 Bd7 9. a3 c4 10. Bc2 b5 11. Ngf3 Ng4 12. Qe2 f5 13. h3 Nf6 14. Ne5 g6 15. g4 Ne4 16. Bxe4 dxe4 17. gxf5 exf5 18. a4 Nxe5 19. fxe5 Qe7 20. axb5 Qh4+ 21. Kd1 Bxb5 22. b3 O-O 23. bxc4 Bd7 24. Qe1 Qh5+ 25. Kc1 f4 26. Nxe4 Bc6 27. Nf6+ Rxf6 28. exf6 Bxh1 29. Qxh1 f3 30. Qh2 Rf8 31. Qf4 Qxh3 32. Rxa7 Qf1+ 33. Kc2 Qe2+ 34. Kb3 Qd1+ 35. Kb4 Qb1+ 36. Kc5 Rc8+ 37. Kd5 Rd8+ 38. Kc6 Rc8+ 39. Rc7 Rxc7+ 40. Qxc7 Qe4+ 41. Kd6 1-0

[Event "Chigorin Memorial 2018"]
[Site "St. Petersburg"]
[Date "2018.10.27"]
[Round "1.144"]
[White "Shkuratov, Vladimir"]
[Black "Korennoi, Viktor"]
[Result "1/2-1/2"]
[WhiteElo "1833"]
[BlackElo "2306"]
[PlyCount "120"]
[EventDate "2018.10.27"]
[EventType "swiss"]
[EventCountry "RUS"]
[WhiteTeam "Russland"]
[BlackTeam "Russland"]
[WhiteTeamCountry "RUS"]
[BlackTeamCountry "RUS"]

1. e4 c5 2. Nf3 Nc6 3. d4 cxd4 4. Nxd4 Nf6 5. Nc3 e5 6. Ndb5 d6 7. Bg5 a6 8. Na3 b5 9. Nd5 Be7 10. Bxf6 Bxf6 11. c4 b4 12. Nc2 O-O 13. g3 Qa5 14. b3 Qc5 15. Bg2 Be6 16. O-O Bxd5 17. Qxd5 Rab8 18. Rad1 Nd4 19. Nxd4 Qxd5 20. exd5 exd4 21. Bh3 Rb7 22. Bf5 a5 23. Rde1 Rc7 24. Re2 Ra8 25. Rfe1 g6 26. Be4 Rc5 27. Bd3 Bg5 28. Ra1 a4 29. Rb1 Kg7 30. h4 Bd8 31. Reb2 axb3 32. Rxb3 Rxa2 33. Rxb4 Rd2 34. Bf1 Ra5 35. R4b2 Rxb2 36. Rxb2 Ra1 37. Kg2 Ba5 38. Rb5 Ra2 39. c5 Be1 40. cxd6 Rxf2+ 41. Kh3 Rf6 42. Rb6 Ba5 43. Ra6 Rxf1 44. Rxa5 Rf6 45. Ra4 Rxd6 46. Rxd4 f5 47. g4 Kf6 48. Kg3 Ke5 49. Rd1 Rxd5 50. Re1+ Kf6 51. gxf5 gxf5 52. Ra1 Rd3+ 53. Kf4 Rd4+ 54. Kg3 Rg4+ 55. Kh3 Kg6 56. Ra5 Rb4 57. Kg3 Kf6 58. Ra6+ Kf7 59. Rc6 Rg4+ 60. Kh3 Rg7 1/2-1/2

[Event "Chigorin Memorial 2018"]
[Site "St. Petersburg"]
[Date "2018.10.27"]
[Round "1.145"]
[White "Prokopchuk, Yury"]
[Black "Timirev, Sergey"]
[Result "1-0"]
[WhiteElo "2275"]
[BlackElo "1788"]
[PlyCount "43"]
[EventDate "2018.10.27"]
[EventType "swiss"]
[EventCountry "RUS"]
[WhiteTeam "Russland"]
[BlackTeam "Russland"]
[WhiteTeamCountry "RUS"]
[BlackTeamCountry "RUS"]

1. d4 f5 2. Nc3 Nf6 3. Bg5 d5 4. Bxf6 exf6 5. e3 c6 6. Bd3 Be6 7. Qf3 Qd7 8. Nge2 Na6 9. Bxa6 bxa6 10. Nf4 Rb8 11. Na4 Bd6 12. Qe2 Rb5 13. b3 O-O 14. O-O g5 15. Nd3 Qc7 16. Ndc5 Bc8 17. c4 Rb8 18. Rac1 Qa5 19. cxd5 cxd5 20. Qf3 Qd8 21. Qxd5+ Kh8 22. Nc3 1-0

[Event "Chigorin Memorial 2018"]
[Site "St. Petersburg"]
[Date "2018.10.27"]
[Round "1.146"]
[White "Tsarkov, Mikhail"]
[Black "Melnikov, Dmitry"]
[Result "0-1"]
[WhiteElo "1650"]
[BlackElo "2207"]
[PlyCount "50"]
[EventDate "2018.10.27"]
[EventType "swiss"]
[EventCountry "RUS"]
[WhiteTeam "Russland"]
[BlackTeam "Russland"]
[WhiteTeamCountry "RUS"]
[BlackTeamCountry "RUS"]

1. d4 f5 2. Nf3 Nf6 3. Bf4 g6 4. e3 Bg7 5. h3 O-O 6. c4 d6 7. Nc3 e6 8. Be2 Qe7 9. O-O Nc6 10. a3 e5 11. Bh2 e4 12. Nd2 g5 13. b4 Qf7 14. c5 d5 15. Nb5 f4 16. exf4 gxf4 17. Bxf4 Ne8 18. Bg3 Bxd4 19. Bh5 Qg7 20. Bxe8 Rxe8 21. Nxc7 Qxg3 22. Qh5 Re5 23. Kh1 Qg7 24. Ne8 Rxh5 25. Nxg7 Bxg7 0-1

[Event "Chigorin Memorial 2018"]
[Site "St. Petersburg"]
[Date "2018.10.27"]
[Round "1.147"]
[White "Sinitsina, Anastassia"]
[Black "Cherneyko, Ivan"]
[Result "1-0"]
[WhiteElo "2130"]
[BlackElo "1628"]
[PlyCount "59"]
[EventDate "2018.10.27"]
[EventType "swiss"]
[EventCountry "RUS"]
[WhiteTeam "Estland"]
[BlackTeam "Russland"]
[WhiteTeamCountry "EST"]
[BlackTeamCountry "RUS"]

1. e4 c5 2. Nf3 d6 3. d4 cxd4 4. Nxd4 Nf6 5. f3 a6 6. c4 Nc6 7. Nc3 e5 8. Nb3 Be7 9. Be3 Be6 10. Be2 O-O 11. O-O Rc8 12. Qd2 Qd7 13. Rfd1 Rfd8 14. Rac1 Qc7 15. Qe1 Qb8 16. Nd5 b5 17. cxb5 axb5 18. Rxc6 Bxd5 19. Rxc8 Rxc8 20. exd5 Rc2 21. Rd2 Rc7 22. Qd1 h6 23. Bf1 b4 24. Qe2 Qa8 25. Qa6 Qb8 26. Na5 e4 27. f4 Ng4 28. Bb6 Rc1 29. Nc6 Qe8 30. Qc8 1-0

[Event "Chigorin Memorial 2018"]
[Site "St. Petersburg"]
[Date "2018.10.27"]
[Round "1.148"]
[White "Shceglov, Mikhail"]
[Black "Manin, Viktor"]
[Result "0-1"]
[WhiteElo "1612"]
[BlackElo "2100"]
[PlyCount "68"]
[EventDate "2018.10.27"]
[EventType "swiss"]
[EventCountry "RUS"]
[WhiteTeam "Russland"]
[BlackTeam "Usbekistan"]
[WhiteTeamCountry "RUS"]
[BlackTeamCountry "UZB"]

1. e4 e5 2. Nf3 Nc6 3. Bb5 a6 4. Bxc6 dxc6 5. d4 exd4 6. Qxd4 Qxd4 7. Nxd4 Bd7 8. O-O O-O-O 9. Be3 Re8 10. Nd2 Nf6 11. f3 c5 12. N4b3 b6 13. Rad1 g6 14. Rf2 Bg7 15. Nf1 Bc6 16. Rfd2 Nd7 17. c3 Ne5 18. Re2 Bb5 19. Rc2 Nc4 20. Bf4 Ba4 21. Rd5 c6 22. Rd3 Rd8 23. Rxd8+ Rxd8 24. Nfd2 Ne5 25. Bxe5 Bxe5 26. Nc4 Rd1+ 27. Kf2 Bc7 28. Rd2 Rb1 29. Ke3 Bb5 30. Na3 Re1+ 31. Kf2 Rf1+ 32. Ke3 Bxh2 33. c4 Ba4 34. Nxc5 Bg1+ 0-1

[Event "Chigorin Memorial 2018"]
[Site "St. Petersburg"]
[Date "2018.10.27"]
[Round "1.149"]
[White "Ivanov, Sergei V."]
[Black "Naryshkina, Irina"]
[Result "1-0"]
[WhiteElo "2055"]
[BlackElo "1425"]
[PlyCount "57"]
[EventDate "2018.10.27"]
[EventType "swiss"]
[EventCountry "RUS"]
[WhiteTeam "Russland"]
[BlackTeam "Russland"]
[WhiteTeamCountry "RUS"]
[BlackTeamCountry "RUS"]

1. e4 e5 2. Nf3 Nc6 3. d4 exd4 4. Nxd4 Nxd4 5. Qxd4 d6 6. c4 Be6 7. Nc3 Nf6 8. Be2 Be7 9. f3 c5 10. Qe3 a6 11. O-O Qd7 12. Kh1 O-O-O 13. a3 g5 14. b4 Rdg8 15. Bb2 h5 16. Rab1 g4 17. f4 Qc7 18. Nd5 Bxd5 19. cxd5 h4 20. Rfc1 h3 21. g3 Rh6 22. bxc5 dxc5 23. Be5 Qa5 24. d6 Bxd6 25. Bxd6 Nxe4 26. Qxe4 c4 27. Qxb7+ Kd8 28. Qe7+ Kc8 29. Rb8# 1-0

[Event "Chigorin Memorial 2018"]
[Site "St. Petersburg"]
[Date "2018.10.27"]
[Round "1.150"]
[White "Bobrov, Vladimir"]
[Black "Shirshov, Nikolay"]
[Result "0-1"]
[WhiteElo "1219"]
[BlackElo "2040"]
[PlyCount "58"]
[EventDate "2018.10.27"]
[EventType "swiss"]
[EventCountry "RUS"]
[WhiteTeam "Russland"]
[BlackTeam "Russland"]
[WhiteTeamCountry "RUS"]
[BlackTeamCountry "RUS"]

1. e4 c5 2. Nf3 e6 3. d4 cxd4 4. Nxd4 a6 5. Nc3 Nc6 6. Be3 Nf6 7. a3 Be7 8. Bd3 Qc7 9. Qd2 Ng4 10. Be2 Nxe3 11. fxe3 Bh4+ 12. g3 Bg5 13. O-O-O Nxd4 14. Qxd4 Bf6 15. Qd3 b5 16. Bf3 Bxc3 17. bxc3 Bb7 18. Rhf1 Rc8 19. Qd4 O-O 20. Qxd7 Qxc3 21. Rf2 Qxa3+ 22. Kb1 Rc4 23. Rd4 Rb4+ 24. Rxb4 Qxb4+ 25. Kc1 Qe1+ 26. Kb2 Qxf2 27. Qxb7 Qxf3 28. Qxa6 Qxe4 29. Qxb5 h6 0-1

[Event "Chigorin Memorial 2018"]
[Site "St. Petersburg"]
[Date "2018.10.28"]
[Round "2"]
[White "Maghsoodloo, Parham"]
[Black "Suleymenov, Alisher"]
[Result "1-0"]
[WhiteElo "2685"]
[BlackElo "2331"]
[Annotator "TA"]
[PlyCount "127"]
[EventDate "2018.10.27"]
[EventType "swiss"]
[EventCountry "RUS"]
[SourceTitle "playchess.com"]
[Source "ChessBase"]
[SourceQuality "1"]

1. e4 e6 2. d4 d5 3. Nc3 Bb4 4. exd5 exd5 5. Bd3 Nf6 6. Nge2 O-O 7. a3 Bd6 8. Bg5 c6 9. Qd2 Bg4 10. f3 Bh5 11. Nf4 Bg6 12. Nxg6 hxg6 13. Ne2 Nbd7 14. h4 Qc7 15. g4 c5 16. dxc5 Bxc5 17. O-O-O Ne5 18. Rhf1 Rfe8 19. Kb1 Qb6 20. Ka1 Rad8 21. c3 Rd6 22. Qc2 Be3 23. Bxe3 Qxe3 24. Bb5 Nc6 25. Nd4 Rc8 26. Bxc6 bxc6 27. Qh2 Qe7 28. h5 c5 29. Ne2 Ra6 30. hxg6 fxg6 31. Nf4 Qd6 32. g5 Nh5 33. Qh3 Rb8 34. Nxd5 Qe5 35. Qg2 Re8 36. Qd2 Rae6 37. Qd3 Qh2 38. Qc4 Kh7 39. Rh1 Qg3 40. Nf4 Re1 41. Nxh5 Rxd1+ 42. Rxd1 gxh5 43. Qf7 Re1 44. Qxh5+ Kg8 45. f4 Qg1 46. Qe8+ Rxe8 47. Rxg1 Kf7 48. Rd1 Re7 49. Rd5 Rc7 50. f5 Ke7 51. Ka2 Rc8 52. a4 Rc7 53. Kb3 Rb7+ 54. Kc2 Rc7 55. b3 c4 56. b4 Rc8 57. Rc5 Rf8 58. Kd2 Kd6 59. Ke3 Rh8 60. Rxc4 Rh3+ 61. Kd4 Rh4+ 62. Kd3 Rh3+ 63. Kc2 Rf3 64. Rc5 1-0

[Event "Chigorin Memorial 2018"]
[Site "St. Petersburg"]
[Date "2018.10.28"]
[Round "2"]
[White "Alekseenko, Kirill"]
[Black "Borisovsky, Dmitry"]
[Result "1/2-1/2"]
[WhiteElo "2639"]
[BlackElo "2304"]
[Annotator "TA"]
[PlyCount "93"]
[EventDate "2018.10.27"]
[EventType "swiss"]
[EventCountry "RUS"]
[SourceTitle "playchess.com"]
[Source "ChessBase"]
[SourceQuality "1"]

1. e4 c5 2. Nf3 d6 3. d4 cxd4 4. Nxd4 Nf6 5. Nc3 Nc6 6. f3 e5 7. Nb3 Be7 8. Be3 O-O 9. Qd2 Be6 10. Nd5 Bxd5 11. exd5 Nb8 12. Rc1 a5 13. c4 Nbd7 14. Be2 a4 15. Na1 Nc5 16. O-O Nfd7 17. Nc2 f5 18. g3 f4 19. gxf4 exf4 20. Bd4 Ne5 21. Kh1 Qd7 22. Rg1 Bf6 23. Bf2 Rae8 24. Nd4 Qh3 25. Qd1 Ng6 26. Rc2 Be5 27. Bf1 Qh5 28. Rg4 Bxd4 29. Bxd4 Ne5 30. Bxe5 Qxe5 31. Re2 Qf6 32. Reg2 g6 33. h4 Re5 34. Bd3 Nxd3 35. Qxd3 Kg7 36. Qd1 Rfe8 37. Qxa4 Re1+ 38. Kh2 R8e2 39. Qb4 Rxg2+ 40. Kxg2 Re2+ 41. Kh3 Rxb2 42. Qe1 Rxa2 43. Qe4 Qa1 44. Qe7+ Kg8 45. Qe8+ Kg7 46. Qe7+ Kg8 47. Qe8+ 1/2-1/2

[Event "Chigorin Memorial 2018"]
[Site "St. Petersburg"]
[Date "2018.10.28"]
[Round "2"]
[White "Alekseev, Evgeny"]
[Black "Isanzhulov, Arystan"]
[Result "1-0"]
[WhiteElo "2620"]
[BlackElo "2284"]
[Annotator "TA"]
[PlyCount "81"]
[EventDate "2018.10.27"]
[EventType "swiss"]
[EventCountry "RUS"]
[SourceTitle "playchess.com"]
[Source "ChessBase"]
[SourceQuality "1"]

1. e4 c5 2. Nf3 d6 3. d4 cxd4 4. Nxd4 Nf6 5. Nc3 Bd7 6. Be2 a6 7. g4 h6 8. Be3 Nc6 9. f3 e6 10. Qd2 b5 11. a3 Nxd4 12. Bxd4 Rc8 13. O-O-O e5 14. Be3 Qa5 15. Kb1 Be6 16. h4 Nd7 17. Nd5 Qxd2 18. Rxd2 Bxd5 19. Rxd5 Nf6 20. Rd2 d5 21. exd5 Bc5 22. Bxc5 Rxc5 23. c4 bxc4 24. Rc1 Rxd5 25. Rxd5 Nxd5 26. Bxc4 Nc7 27. Bxa6 Kd7 28. Bd3 g6 29. b4 Ne6 30. Bc4 Nd4 31. Bxf7 Nxf3 32. Bxg6 Rb8 33. Kb2 Kd6 34. Be4 Nd4 35. Rf1 Rg8 36. Rf6+ Ke7 37. Rg6 Rxg6 38. Bxg6 Nf3 39. a4 Kd6 40. a5 Nd4 41. Be4 1-0

[Event "Chigorin Memorial 2018"]
[Site "St. Petersburg"]
[Date "2018.10.28"]
[Round "2"]
[White "Predke, Alexandr"]
[Black "Leontiev, Aleksandr V."]
[Result "1-0"]
[WhiteElo "2615"]
[BlackElo "2276"]
[Annotator "TA"]
[PlyCount "67"]
[EventDate "2018.10.27"]
[EventType "swiss"]
[EventCountry "RUS"]
[SourceTitle "playchess.com"]
[Source "ChessBase"]
[SourceQuality "1"]

1. e4 c6 2. Nc3 d5 3. Nf3 dxe4 4. Nxe4 Nf6 5. Qe2 Nxe4 6. Qxe4 Qd5 7. Qf4 Qf5 8. Qe3 Qe6 9. b3 Qxe3+ 10. fxe3 f6 11. Bb2 e5 12. O-O-O Bd6 13. d4 exd4 14. exd4 O-O 15. Bc4+ Kh8 16. Nh4 Nd7 17. Bd3 Nb6 18. c4 Re8 19. Rdf1 Bf8 20. Kc2 Bd7 21. Rhg1 Re6 22. g4 Rae8 23. Nf3 Nc8 24. g5 Nd6 25. d5 Re2+ 26. Bxe2 Rxe2+ 27. Kc1 f5 28. Ne5 Bc8 29. dxc6 bxc6 30. Re1 Rxh2 31. Nf7+ Kg8 32. Nxd6 Bxd6 33. Re8+ Kf7 34. Rxc8 1-0

[Event "Chigorin Memorial 2018"]
[Site "St. Petersburg"]
[Date "2018.10.28"]
[Round "2"]
[White "Perunovic, Milos"]
[Black "Prokopchuk, Yury"]
[Result "1-0"]
[WhiteElo "2606"]
[BlackElo "2275"]
[Annotator "TA"]
[PlyCount "29"]
[EventDate "2018.10.27"]
[EventType "swiss"]
[EventCountry "RUS"]
[SourceTitle "playchess.com"]
[Source "ChessBase"]
[SourceQuality "1"]

1. e4 d5 2. exd5 Qxd5 3. Nc3 Qa5 4. d4 Nf6 5. Nf3 Bf5 6. Bd2 e6 7. Ne5 Qb6 8. Qf3 Qxd4 9. Bb5+ Ke7 10. O-O-O Qxe5 11. Qxb7 Ne4 12. Rhe1 Kf6 13. Nxe4+ Kg6 14. Nc3 Qc5 15. Qxa8 1-0

[Event "Chigorin Memorial 2018"]
[Site "St. Petersburg"]
[Date "2018.10.28"]
[Round "2"]
[White "Aleksandrov, Aleksej"]
[Black "Ibadov, Dashgyn"]
[Result "0-1"]
[WhiteElo "2602"]
[BlackElo "2270"]
[Annotator "TA"]
[PlyCount "84"]
[EventDate "2018.10.27"]
[EventType "swiss"]
[EventCountry "RUS"]
[SourceTitle "playchess.com"]
[Source "ChessBase"]
[SourceQuality "1"]

1. c4 Nf6 2. Nc3 c5 3. Nf3 e6 4. e4 d6 5. d4 cxd4 6. Nxd4 Be7 7. Be2 a6 8. O-O Qc7 9. Be3 O-O 10. Rc1 b6 11. f3 Bb7 12. Qe1 Nbd7 13. Qf2 Rac8 14. Rfd1 Qb8 15. Nc2 Bd8 16. Rd2 Bc7 17. Kh1 Rfe8 18. Rcd1 d5 19. exd5 exd5 20. Qh4 Ne5 21. Nxd5 Bxd5 22. cxd5 Ng6 23. Qa4 Rcd8 24. g3 Bxg3 25. Bxa6 Bd6 26. Qb3 Qa7 27. Bb5 Re5 28. Nd4 Rh5 29. Bg1 Rf8 30. Bc6 Qb8 31. Nb5 Bf4 32. Re2 Qc8 33. Bxb6 Qh3 34. Bg1 Rg5 35. Bc5 Nh5 36. Rg1 Ng3+ 37. Rxg3 Rxg3 38. Rf2 Nh4 39. Qc2 Nxf3 40. Rxf3 Rxf3 41. Qg2 Rf1+ 42. Bg1 Be3 0-1

[Event "Chigorin Memorial 2018"]
[Site "St. Petersburg"]
[Date "2018.10.28"]
[Round "2"]
[White "Yeritsyan, Aram"]
[Black "Paravyan, David"]
[Result "0-1"]
[WhiteElo "2325"]
[BlackElo "2629"]
[Annotator "TA"]
[PlyCount "56"]
[EventDate "2018.10.27"]
[EventType "swiss"]
[EventCountry "RUS"]
[SourceTitle "playchess.com"]
[Source "ChessBase"]
[SourceQuality "1"]

1. e4 c5 2. Nf3 d6 3. d4 cxd4 4. Nxd4 Nf6 5. Nc3 a6 6. h4 e5 7. Nb3 Be6 8. f4 g6 9. Be2 Nc6 10. g4 h6 11. g5 Ng8 12. Nd5 Bg7 13. c3 Nce7 14. Bg4 Bxg4 15. Qxg4 Nxd5 16. exd5 hxg5 17. fxg5 Ne7 18. Qe4 Nf5 19. Qg4 Qd7 20. Bd2 Ne7 21. Qe4 Qf5 22. Qb4 Nxd5 23. Qxb7 Qe4+ 24. Kf2 Nxc3 25. Qxe4 Nxe4+ 26. Ke3 Ng3 27. Rh3 Nf5+ 28. Ke4 Rd8 0-1

[Event "Chigorin Memorial 2018"]
[Site "St. Petersburg"]
[Date "2018.10.28"]
[Round "2"]
[White "Konaplev, Anton"]
[Black "Khismatullin, Denis"]
[Result "0-1"]
[WhiteElo "2320"]
[BlackElo "2617"]
[Annotator "TA"]
[PlyCount "76"]
[EventDate "2018.10.27"]
[EventType "swiss"]
[EventCountry "RUS"]
[SourceTitle "playchess.com"]
[Source "ChessBase"]
[SourceQuality "1"]

1. d4 d6 2. e4 Nf6 3. Nc3 e5 4. Nf3 Nbd7 5. Bc4 Be7 6. O-O O-O 7. Re1 c6 8. a4 exd4 9. Nxd4 Ne5 10. Ba2 Re8 11. Bg5 Bd7 12. Qd2 h6 13. Bh4 Ng6 14. Bg3 Nh5 15. Nf5 Bxf5 16. exf5 Nf8 17. Rad1 Nxg3 18. Qf4 Nh5 19. Bxf7+ Kxf7 20. Qc4+ Ne6 21. Rxe6 d5 22. Nxd5 cxd5 23. Rxd5 Rc8 24. Qb3 Qc7 25. Rd7 Qc4 26. Qxb7 Qxc2 27. Rexe7+ Rxe7 28. Rxe7+ Kg8 29. Re1 Rc7 30. Qb8+ Kh7 31. g3 Nf6 32. h3 Rd7 33. g4 Qxa4 34. Kh2 Rd2 35. Qg3 Qd4 36. Kg1 Rxb2 37. Re7 Rb1+ 38. Kh2 Qd5 0-1

[Event "Chigorin Memorial 2018"]
[Site "St. Petersburg"]
[Date "2018.10.28"]
[Round "2"]
[White "Tahay, Alexis"]
[Black "Popov, Ivan"]
[Result "0-1"]
[WhiteElo "2312"]
[BlackElo "2611"]
[Annotator "TA"]
[PlyCount "122"]
[EventDate "2018.10.27"]
[EventType "swiss"]
[EventCountry "RUS"]
[SourceTitle "playchess.com"]
[Source "ChessBase"]
[SourceQuality "1"]

1. e4 e6 2. d4 d5 3. Nd2 Nf6 4. e5 Nfd7 5. Bd3 c5 6. c3 Nc6 7. Ngf3 a5 8. O-O cxd4 9. cxd4 Qb6 10. Qe2 Be7 11. Rd1 Nxd4 12. Nxd4 Qxd4 13. Nf3 Qb6 14. Be3 Qd8 15. Rac1 O-O 16. Qc2 h6 17. Qd2 Bb4 18. Qe2 b6 19. Bb1 Re8 20. a3 Bc5 21. Qc2 Nf8 22. Bxc5 bxc5 23. Qxc5 Rb8 24. Rd2 Bd7 25. Qe3 Qb6 26. Nd4 Rec8 27. Re1 Rc4 28. h4 Rbc8 29. Red1 Ba4 30. b3 Rc3 31. Rd3 Bxb3 32. Rxc3 Rxc3 33. Qxc3 Bxd1 34. Bd3 Ba4 35. Kh2 g6 36. g4 Nd7 37. f4 Qc5 38. Qb2 Qb6 39. Qc3 Qc5 40. Qb2 Bd1 41. g5 hxg5 42. hxg5 Ba4 43. Kg3 Nb6 44. Kg2 Nc4 45. Qb8+ Kg7 46. Nxe6+ fxe6 47. Qb7+ Kf8 48. Bxg6 Qe7 49. Qb8+ Kg7 50. Bd3 Bc2 51. Bxc2 Ne3+ 52. Kh3 Nxc2 53. Kh4 Ne3 54. Qa8 Nf5+ 55. Kh5 Qxa3 56. Qa7+ Ne7 57. Kg4 Kf7 58. Qd7 Qd3 59. Qa7 d4 60. Qxa5 Qe2+ 61. Kh4 Nf5+ 0-1

[Event "Chigorin Memorial 2018"]
[Site "St. Petersburg"]
[Date "2018.10.28"]
[Round "2"]
[White "Gomes, Mary Ann"]
[Black "Kokarev, Dmitry"]
[Result "0-1"]
[WhiteElo "2302"]
[BlackElo "2604"]
[Annotator "TA"]
[PlyCount "100"]
[EventDate "2018.10.27"]
[EventType "swiss"]
[EventCountry "RUS"]
[SourceTitle "playchess.com"]
[Source "ChessBase"]
[SourceQuality "1"]

1. Nf3 g6 2. e4 Bg7 3. d4 d6 4. h3 Nf6 5. Bd3 O-O 6. O-O Nc6 7. c3 e5 8. Be3 Nh5 9. dxe5 Nxe5 10. Be2 Nxf3+ 11. Bxf3 Nf6 12. Qd2 Qe8 13. Qc2 Bd7 14. Nd2 Bc6 15. Bd4 a5 16. Rfe1 Nd7 17. Bxg7 Kxg7 18. Nc4 Qe6 19. b3 Nc5 20. Qd1 f6 21. Qd4 Rfe8 22. b4 axb4 23. cxb4 Nd7 24. Bg4 Qe7 25. f4 Bb5 26. Bxd7 Bxd7 27. e5 dxe5 28. fxe5 Bc6 29. Qc3 f5 30. a4 Rxa4 31. Rxa4 Bxa4 32. Na5 b6 33. e6+ Kg8 34. Nc6 Qg7 35. Qc4 Bxc6 36. Qxc6 Qd4+ 37. Kh1 Re7 38. b5 Qd2 39. Qa8+ Kg7 40. Qa1+ Kh6 41. Qe5 Qb4 42. Rd1 Qe4 43. Qxe4 fxe4 44. Rd7 Rxe6 45. Rxc7 e3 46. Rc1 Kg5 47. Kg1 Re5 48. Rb1 Kf4 49. Kf1 Kg3 50. Rb3 Kh2 0-1

[Event "Chigorin Memorial 2018"]
[Site "St. Petersburg"]
[Date "2018.10.28"]
[Round "2"]
[White "Vasilyev, Vasily"]
[Black "Goganov, Aleksey"]
[Result "0-1"]
[WhiteElo "2272"]
[BlackElo "2592"]
[Annotator "TA"]
[PlyCount "38"]
[EventDate "2018.10.27"]
[EventType "swiss"]
[EventCountry "RUS"]
[SourceTitle "playchess.com"]
[Source "ChessBase"]
[SourceQuality "1"]

1. d4 Nf6 2. Nf3 d5 3. g3 c6 4. Bg2 Bf5 5. c4 e6 6. Nc3 h6 7. Qb3 Qb6 8. c5 Qa6 9. Bf1 Be4 10. e3 Qa5 11. Qxb7 Bxf3 12. Qxa8 Qc7 13. Rg1 Bxc5 14. Ba6 Bd6 15. Bd2 Qb6 16. Bb7 O-O 17. Na4 Qb5 18. Nc3 Qd3 19. Rd1 Ne4 0-1